Влияние добавки меди на электронные и структурные характеристики золота, нанесенного на цеолит типа морденит; Известия Томского политехнического университета [Известия ТПУ]; Т. 308, № 4

Détails bibliographiques
Parent link:Известия Томского политехнического университета [Известия ТПУ]/ Томский политехнический университет (ТПУ).— , 2000-
Т. 308, № 4.— 2005.— [С. 99-104]
Autres auteurs: Смоленцева Е. В., Пестряков А. Н. Алексей Николаевич, Тузовская И. В., Богданчикова Н. Е., Симаков А. В., Авалос М.
Résumé:Заглавие с титульного листа
Электронная версия печатной публикации
Показано влияние модифицирующей добавки меди на электронные и структурные свойства золота, нанесенного на аммиачный морденит. Установлено, что структура цеолита не разрушается в процессе приготовления и температурных обработок образцов. Совместное восстановление золота и меди было зарегистрировано методом температурно-программированного восстановления.
Langue:russe
Publié: 2005
Collection:Технические науки
Sujets:
Accès en ligne:http://www.lib.tpu.ru/fulltext/v/Bulletin_TPU/2005/v308/i4/22.pdf
Format: Électronique Chapitre de livre
KOHA link:https://koha.lib.tpu.ru/cgi-bin/koha/opac-detail.pl?biblionumber=170600

MARC

LEADER 00000nla2a2200000 4500
001 170600
005 20240123124440.0
035 |a (RuTPU)RU\TPU\book\185005 
035 |a RU\TPU\book\185004 
090 |a 170600 
100 |a 20091124d2005 k y0rusy50 ca 
101 0 |a rus 
102 |a RU 
135 |a drnn ---uucaa 
181 0 |a i  
182 0 |a b 
200 1 |a Влияние добавки меди на электронные и структурные характеристики золота, нанесенного на цеолит типа морденит  |f Е. В. Смоленцева [и др.] 
203 |a Текст  |c электронный 
215 |a 1 файл (615 Кб) 
225 1 |a Технические науки 
300 |a Заглавие с титульного листа 
300 |a Электронная версия печатной публикации 
320 |a [Библиогр.: с. 103-104 (23 назв.)] 
330 |a Показано влияние модифицирующей добавки меди на электронные и структурные свойства золота, нанесенного на аммиачный морденит. Установлено, что структура цеолита не разрушается в процессе приготовления и температурных обработок образцов. Совместное восстановление золота и меди было зарегистрировано методом температурно-программированного восстановления. 
337 |a Adobe Reader 
461 1 |0 (RuTPU)RU\TPU\book\176237  |t Известия Томского политехнического университета [Известия ТПУ]  |f Томский политехнический университет (ТПУ)  |d 2000- 
463 1 |0 (RuTPU)RU\TPU\book\184960  |t Т. 308, № 4  |v [С. 99-104]  |d 2005  |p 254 с. 
610 1 |a добавки 
610 1 |a медь 
610 1 |a электронные характеристики 
610 1 |a структурные характеристики 
610 1 |a золото 
610 1 |a цеолиты 
610 1 |a мордениты 
610 1 |a влияние 
610 1 |a аммиачные мордениты 
610 1 |a структуры 
610 1 |a процессы 
610 1 |a приготовление 
610 1 |a температурная обработка 
610 1 |a образцы 
610 1 |a методы 
610 1 |a температурно-программированное восстановление 
610 1 |a труды учёных ТПУ 
610 1 |a электронный ресурс 
701 1 |a Смоленцева  |b Е. В. 
701 1 |a Пестряков  |b А. Н.  |c химик  |c профессор Томского политехнического университета, доктор химических наук  |f 1963-  |g Алексей Николаевич  |3 (RuTPU)RU\TPU\pers\27694  |4 070  |9 12768 
701 1 |a Тузовская  |b И. В. 
701 1 |a Богданчикова  |b Н. Е. 
701 1 |a Симаков  |b А. В. 
701 1 |a Авалос  |b М. 
801 1 |a RU  |b 63413507  |c 20090623  |g PSBO 
801 2 |a RU  |b 63413507  |c 20211012  |g PSBO 
856 4 |u http://www.lib.tpu.ru/fulltext/v/Bulletin_TPU/2005/v308/i4/22.pdf 
942 |c CF